Bharatiyatha a cluster (Record no. 222483)
[ view plain ]
| 000 -LEADER | |
|---|---|
| fixed length control field | 00693nam a22002417a 4500 |
| 005 - DATE AND TIME OF LATEST TRANSACTION | |
| control field | 20220419145633.0 |
| 008 - FIXED-LENGTH DATA ELEMENTS--GENERAL INFORMATION | |
| fixed length control field | 220419b ||||| |||| 00| 0 eng d |
| 040 ## - CATALOGING SOURCE | |
| Transcribing agency | Aloy |
| 041 ## - LANGUAGE CODE | |
| Language code of text/sound track or separate title | Eng |
| 082 ## - DEWEY DECIMAL CLASSIFICATION NUMBER | |
| Edition number | 23 |
| Classification number | 306.2 |
| Item number | RAOB |
| 100 ## - MAIN ENTRY--PERSONAL NAME | |
| Personal name | Kolipaka Sugunakara Rao |
| 100 ## - MAIN ENTRY--PERSONAL NAME | |
| 9 (RLIN) | 30413 |
| 245 ## - TITLE STATEMENT | |
| Title | Bharatiyatha a cluster |
| 260 ## - PUBLICATION, DISTRIBUTION, ETC. | |
| Place of publication, distribution, etc. | Hanamkonda |
| Name of publisher, distributor, etc. | Kolipaka Sugunakara Rao |
| Date of publication, distribution, etc. | 2009 |
| 300 ## - PHYSICAL DESCRIPTION | |
| Extent | xii,261 p. |
| Other physical details | PB |
| Dimensions | 20x14 cm. |
| 365 ## - TRADE PRICE | |
| Source of price type code | Sociology |
| 650 ## - SUBJECT ADDED ENTRY--TOPICAL TERM | |
| Topical term or geographic name entry element | India |
| 9 (RLIN) | 30407 |
| 650 ## - SUBJECT ADDED ENTRY--TOPICAL TERM | |
| Topical term or geographic name entry element | Hindu Dharma |
| 9 (RLIN) | 30408 |
| 650 ## - SUBJECT ADDED ENTRY--TOPICAL TERM | |
| Topical term or geographic name entry element | Professionalism |
| 9 (RLIN) | 30409 |
| 650 ## - SUBJECT ADDED ENTRY--TOPICAL TERM | |
| Topical term or geographic name entry element | Judicial System |
| 9 (RLIN) | 30410 |
| 650 ## - SUBJECT ADDED ENTRY--TOPICAL TERM | |
| Topical term or geographic name entry element | Marriage and the Family Unit |
| 9 (RLIN) | 30411 |
| 700 ## - ADDED ENTRY--PERSONAL NAME | |
| Personal name | RAO (Kolipaka Sugunakara) |
| 9 (RLIN) | 30412 |
| 942 ## - ADDED ENTRY ELEMENTS (KOHA) | |
| Source of classification or shelving scheme | Dewey Decimal Classification |
| Koha item type | George Fernandes Collections |
| Withdrawn status | Lost status | Source of classification or shelving scheme | Damaged status | Not for loan | Collection code | Home library | Current library | Date acquired | Total Checkouts | Full call number | Barcode | Date last seen | Price effective from | Koha item type |
|---|---|---|---|---|---|---|---|---|---|---|---|---|---|---|
| Dewey Decimal Classification | Sociology | St Aloysius Library | St Aloysius Library | 03/24/2013 | 306.2 RAOB | GF01114 | 04/19/2022 | 04/19/2022 | George Fernandes Collections |